000 00894nam a22002297a 4500
005 20170728114843.0
010 _a1617EN B-648622-632 ENG-117200
020 _a9789386050441
_c399.00
035 _aB-648622-632
035 _aEN-100732
035 _aB-667256
037 _adpl
_bAakar
082 _aN
100 _aSinha, Umi
245 _aBelonging /
_cby Umi Sinha
260 _aNew Delhi
_bSpeaking Tiger
_c2015
270 _a4381/4, Ansari Road, Darya Ganj,
_bNew Delhi
_e110002
300 _a321p.
_c19cm(pbk)
942 _2ddc
_cEN
_mSIN
_hN
999 _c102172
_d102172